|
|
|
|
| LEADER |
00000nab a2200000 a 4500 |
| 001 |
vtls000795273 |
| 003 |
SK-MaSNL |
| 005 |
20260305003736.0 |
| 008 |
250429c2002 xo 0 slo |
| 015 |
|
|
|a SNBRB2002/05-15857
|
| 035 |
|
|
|a CLN000146928
|
| 035 |
|
|
|a urn:nbn:sk:snk-ab21f5
|
| 035 |
|
|
|a (urnnbn)urn:nbn:sk:snk:ar-a01em7
|
| 035 |
|
|
|a (uuid)dc4edb81-98b9-4bc7-96b5-f1cf57668105
|
| 040 |
|
|
|a SNKBUCL
|b slo
|c SNKBUCL
|e AACR2
|
| 041 |
0 |
|
|a slo
|
| 044 |
|
|
|a xo
|c SK
|
| 080 |
|
|
|a 78.071.1
|2 1997
|
| 100 |
1 |
|
|a Elschek, Oskár,
|d 1931-2026
|4 aut
|9 89406
|
| 245 |
1 |
0 |
|a Absencia kultúrnosti
|c Oskár Elschek
|
| 500 |
|
|
|a Reakcia na článok Absencia poznatkov / L. Kačic. - Hudobný život. - Roč. 33, č. 9 (2001), s. 37 a 40
|
| 600 |
1 |
7 |
|a Capricornus, Samuel Friedrich,
|d 1628-1665
|2 snkbucl
|9 52670
|
| 655 |
|
7 |
|a články z novín a časopisov
|2 snkbucl
|9 267496
|
| 773 |
0 |
|
|t Hudobný život
|g Roč. 34, č. 3 (2002), s. 5-7
|x 1335-4140
|
| 850 |
|
|
|a Slovenská národná knižnica
|
| 852 |
|
|
|a Slovenská národná knižnica
|
| 954 |
|
|
|a odborná, vedecká literatúra pôvodná (slovenská)
|2 lita
|
| 958 |
|
|
|a article27
|
| 958 |
|
|
|a OND
|
| 958 |
|
|
|a EUIPO
|
| 992 |
|
|
|a RBX
|
| 999 |
|
|
|c 3232000
|d 3233930
|